[Event "HCL-A2509"]
[Site "www.playchess.de"]
[Date "2006.02.09"]
[Round "27"]
[White "saemi"]
[Black "HOTSUN"]
[WhiteElo "1645"]
[BlackElo "1626"]
[PlyCount "86"]
[Result "1/2-1/2"]

1.e4 {Hello from Iceland}  e5 {hi again}  2.Nf3 
Nc6 3.d4 exd4 4.Nxd4 Nxd4 5.Qxd4 d6 6.Nc3 Qf6 
7.Qxf6 Nxf6 8.Bd3 h6 9.O-O c6 10.Bf4 Nd7 11.Rfe1 
Ne5 12.Rad1 Be7 13.h3 O-O 14.Ne2 Bf6 15.Nd4 Nxd3 
16.Rxd3 Be5 17.Bxe5 dxe5 18.Nf5 Bxf5 19.exf5 Rfd8 
20.Rxd8+ Rxd8 21.Rxe5 Rd1+ 22.Kh2 Rd2 23.Re8+ Kh7 
24.Re7 Rxc2 25.Rxb7 Rxf2 26.Rxf7 Kg8 27.Rxa7 Rxb2 
28.a4 Rc2 29.a5 Rf2 {(offering draw)}  30.Kg3 {I 
want to try some more}  Rxf5 {Ok}  31.a6 Ra5 
32.Kf4 g6 33.g4 h5 34.gxh5 gxh5 35.Ra8+ Kf7 36.a7 
Kg7 37.Ke4 h4 {interesting ending.do you still 
want to play on or will you accept a draw?}  
38.Kf4 {I want to try more.}  Ra4+ {Yes i thought 
you might.you have a stronger postion}  39.Kg5 Kh7 
40.Rc8 Rxa7 {i thought that a7 pawn was your best 
hope.}  41.Rxc6 Ra4 42.Rh6+ Kg7 43.Rxh4 Rxh4 
{(offering draw) you can play on but it's a draw 
now.}  1/2-1/2

[Event "HCL-T258"]
[Site "www.playchess.de"]
[Date "2006.02.09"]
[Round "9"]
[White "Emerson"]
[Black "Sixty4"]
[WhiteElo "1817"]
[BlackElo "1719"]
[PlyCount "45"]
[Result "1-0"]

1.b4 d5 {Good luck!}  2.Bb2 {Ebenfalls alles Gute 
und Grüße aus Dortmund! Wenn ich schon mal die 
Gelegenheit habe, gegen Dich zu spielen, möchte 
ich doch mal persönlich meine Anerkennung 
aussprechen für die gelungene PLAYCHESS-"Schachwelt" 
(besonders die Tabellen sind TOP!).
norbert}  Nf6 {Vielen Dank! Gehört Dortmund 
mittlerweile zu Wales? ;-)}  3.e3 {Nein, aber ich 
habe die Möglichkeit genutzt, mir eine schöne 
Flagge zuzulegen, angeregt durch einen 
PLAYCHESS-Spieler aus Berlin, der unter 
mongolischer Flagge spielt. Da ich Wales und den 
Drachen mag, habe ich mich eben 
"internationalisiert".  :-))}  Bf5 {Nun, wenn du 
auch noch etwas waliser Lebensart hast, wird es 
eine sehr unterhaltsame Partie. :-)}  4.d3 {Na ja, 
ich denke, auch ohne waliser Lebensart kann´s 
spannend werden zwischen zwei "Deutschmen".  :-)}  
e6 5.a3 c5 6.bxc5 Bxc5 7.Nd2 O-O 8.Ngf3 Nc6 9.Be2 
Bd6 10.Nh4 Bg6 11.Nxg6 hxg6 12.O-O Rc8 13.c4 
{Hallo, ich habe ein Problem, denn ich versuche 
seit Tagen vergeblich, in der Partie gegen hal1958 
in unserer Gruppe meinen Zug zu schicken. Die 
Übermittlung von Dd5-f5 klappt nicht - alle 
anderen Partien laufen gut. Kann geholfen 
werden?
Gruß Norbert}  Bb8 {Ich schau mal nach...}  14.Rc1 
{Danke!}  dxc4 {Der Server hatte sich 
"verschluckt". ;-)}  15.Rxc4 {Jedenfalls: Danke 
für die "Reanimation" der Partie!}  Qd6 16.f4 
{Habe gelesen, dass bei Playchess im Urlaubsfall 
die Bedenkzeit nicht "angehalten" wird. Es wäre 
für mich als beruflich recht eingespannten 
Menschen schon gut, wenn ich wenigstens 14 Tage 
p.a. "ungestresst" Urlaub nehmen könnte. 
(Verbesserungsvorschlag)}  Nd5 {Diese Info ist 
falsch: wenn man auf der Spieler-Homepage auf 
"Urlaub nehmen" klickt und Urlaub beantragt, 
werden die Schachuhren angehalten. Nur die 
Benachrichtigung allein im Forum nützt nichts. 
Diese ist nur für Urlaub ohne Stoppen gedacht.}  
17.Rf3 {Aha, danke, dann habe ich mich wohl 
"verlesen". 
Nur noch eine letzte Frage: gibt es einen link, wo 
man ersehen kann, was die GrandPrixPunkte 
bedeuten?
Ansonsten kann ich nur wiederholen: ich spiele 
sehr gern in der HCL!
Norbert}  e5 {Derzeit bedeuten die GPP garnichts. 
Sie waren als klassenunabhängige Wertung gedacht.} 
 18.Ne4 {Danke!}  Qe7 19.Qd2 b5 {Ich blicke hier 
nicht mehr durch!}  20.Rc5 {Macht nix - Augen zu 
und ziehen: mach ich auch!}  Nxe3 {Also gut: ich 
beherzige deinen Rat. Mal sehen, was passiert! 
:-)}  21.Qxe3 {Damit hab ich überhaupt nicht 
gerechnet!}  a6 {Ich vorher auch nicht. :-)}  
22.fxe5 {jetzt dachte ich den...}  Ba7 
23.d4 1-0

[Event "HCL-B3856"]
[Site "www.playchess.de"]
[Date "2006.02.09"]
[Round "17"]
[White "jpv"]
[Black "mitke"]
[WhiteElo "1232"]
[BlackElo "1292"]
[PlyCount "69"]
[Result "1-0"]

1.d4 Nf6 2.c4 g6 3.Nc3 Bg7 4.Nf3 d6 5.Bf4 O-O 6.e3 
c5 7.Be2 b6 8.O-O Bb7 9.Qc2 e6 10.Rad1 d5 11.cxd5 
exd5 12.a3 Qe7 13.Ne5 Nbd7 14.Bf3 a6 15.dxc5 bxc5 
16.Nxd7 Qxd7 17.e4 d4 18.e5 Nd5 19.Nxd5 Bxd5 
20.Bxd5 Qxd5 21.Rfe1 Rfe8 22.e6 fxe6 23.Qe4 Qxe4 
24.Rxe4 e5 25.Bd2 Kf7 26.Ba5 Ke6 27.f3 Bh6 28.Bc7 
Kd5 29.Rde1 Be3+ 30.Kf1 Re7 31.Ba5 h5 32.Ke2 Rb8 
33.b4 c4 34.Rd1 c3 35.Rxe3 1-0

[Event "HCL-A2556"]
[Site "www.playchess.de"]
[Date "2006.02.09"]
[Round "7"]
[White "Whiterock"]
[Black "archship"]
[WhiteElo "1472"]
[BlackElo "1208"]
[PlyCount "67"]
[Result "1/2-1/2"]

1.e4 {Hi Archie. Greetings from Calgary, Alberta.} 
 c5 {Hello.
}  2.Nf3 d6 3.d4 cxd4 4.Nxd4 a6 5.Nc3 Nf6 6.a4 g6 
7.Bc4 Bg7 8.O-O O-O 9.f4 e5 10.Nf3 Bg4 11.h3 Bxf3 
12.Qxf3 Nc6 13.f5 Nd4 14.Qf2 gxf5 15.exf5 b5 
16.axb5 axb5 17.Rxa8 Qxa8 18.Nxb5 Nxb5 19.Bxb5 Ne4 
20.Qf3 Qd5 21.Bd3 Nf6 22.Qxd5 Nxd5 23.c4 Nf4 
24.Bxf4 exf4 25.b4 Bd4+ 26.Kh2 Be3 27.b5 f6 28.g4 
Ra8 29.Kg2 Ra3 30.Rd1 Rb3 31.Kf3 Kf7 32.Ke4 Ke7 
33.Kd5 Kd7 34.Ke4 {(offering draw)} 
 1/2-1/2

[Event "HCL-C4130"]
[Site "www.playchess.de"]
[Date "2006.02.09"]
[Round "8"]
[White "Milosforman"]
[Black "newplayer"]
[WhiteElo "944"]
[BlackElo "1088"]
[PlyCount "45"]
[Result "1-0"]

1.d4 d5 2.Bf4 h6 3.Nc3 e6 4.Nf3 g5 5.Bg3 h5 6.Be5 
Rh7 7.e3 f6 8.Bxf6 Nxf6 9.Nxg5 Rg7 10.f4 Bb4 
11.Qd2 Ne4 12.Ngxe4 dxe4 13.a3 Bxc3 14.Qxc3 Rd7 
15.Bc4 Rd6 16.O-O a6 17.Rad1 Rc6 18.d5 exd5 
19.Rxd5 Nd7 20.Rfd1 b5 21.Qh8+ Ke7 22.Re5+ Nxe5 
23.Qxd8+ 1-0

[Event "HCL-C4104"]
[Site "www.playchess.de"]
[Date "2006.02.09"]
[Round "7"]
[White "epenz"]
[Black "Milosforman"]
[WhiteElo "1004"]
[BlackElo "962"]
[PlyCount "88"]
[Result "0-1"]

1.e4 c5 2.Nf3 d6 3.Bc4 e6 4.d3 Bd7 5.O-O Be7 6.Nc3 
a6 7.Re1 b5 8.Bb3 a5 9.a3 a4 10.Ba2 b4 11.axb4 
cxb4 12.Ne2 Nf6 13.h3 h6 14.c3 d5 15.e5 Ng8 16.d4 
Nc6 17.Be3 b3 18.Bb1 a3 19.bxa3 b2 20.Ra2 Bxa3 
21.Qb3 Qe7 22.Rd1 h5 23.c4 Nh6 24.c5 O-O 25.Rxa3 
Rxa3 26.Qxa3 Nf5 27.Qxb2 Nxe3 28.Rd3 Nc4 29.Qc2 
Nb4 30.Qd1 Nxd3 31.Bxd3 Nb2 32.Qd2 Nxd3 33.Qxd3 
Ra8 34.Kh2 Ra5 35.Qd2 Qd8 36.Nc1 Ba4 37.Nh4 Rb5 
38.Nf3 Qb8 39.Qg5 Bc2 40.Ne2 Bg6 41.g3 Rb2 42.Nd2 
Qb4 43.Nf4 Qxd2 44.Kg2 Qxf2+ 0-1

[Event "HCL-A2554"]
[Site "www.playchess.de"]
[Date "2006.02.09"]
[Round "29"]
[White "Sobral"]
[Black "Wernswig"]
[WhiteElo "1701"]
[BlackElo "1416"]
[PlyCount "73"]
[Result "1-0"]

1.d4 d5 {hi, have a nice game}  2.c4 {Hello from 
Sao Paulo, Brazil ! Nice game to you, 
also!
Regards.}  c6 3.Nc3 Nf6 4.Nf3 Bf5 5.cxd5 cxd5 
6.Bf4 Nc6 7.e3 e6 8.Qb3 Bd6 9.Bg5 Rb8 10.Be2 O-O 
11.Nh4 h6 12.Nxf5 exf5 13.Bxf6 Qxf6 14.Nxd5 Qg5 
15.Bf3 Rfe8 16.O-O Re6 17.g3 h5 18.Nf4 Bxf4 
19.exf4 Qg6 20.Rfd1 h4 21.d5 Na5 22.Qb4 Ra6 23.Be2 
hxg3 24.Bxa6 gxh2+ 25.Kh1 Qxa6 26.Rac1 Qe2 27.Qc3 
Qxf2 28.Rd2 Qxf4 29.Rg2 Qh6 30.b4 f4 31.Rxh2 Qd6 
32.Qc8+ Qf8 33.Qxf8+ Rxf8 34.bxa5 Rd8 35.Rc7 Rxd5 
36.Rc8+ Rd8 {congratulations}  37.Rxd8+ {Tks and 
good luck. Hope to play you again soon. Best 
regards.}  1-0

[Event "HCL-C4130"]
[Site "www.playchess.de"]
[Date "2006.02.09"]
[Round "3"]
[White "Milosforman"]
[Black "epenz"]
[WhiteElo "944"]
[BlackElo "949"]
[PlyCount "53"]
[Result "1-0"]

1.d4 d5 2.Nf3 Nc6 3.e3 e6 4.Bb5 Bd7 5.Bxc6 Bxc6 
6.Ne5 Nf6 7.Nxc6 bxc6 8.h3 Bd6 9.Bd2 O-O 10.O-O c5 
11.dxc5 Bxc5 12.Ba5 Qd7 13.b4 Be7 14.Nc3 c6 15.a4 
a6 16.Qd4 Bd6 17.f4 Rfc8 18.Rf3 c5 19.bxc5 Rxc5 
20.Bb6 Rcc8 21.a5 h6 22.Rg3 Qe8 23.Qxf6 g6 24.Bd4 
e5 25.fxe5 Bb4 26.e6 Qf8 27.Qh8+ 1-0

[Event "HCL-C4153"]
[Site "www.playchess.de"]
[Date "2006.02.09"]
[Round "1"]
[White "chimiel"]
[Black "nichju"]
[WhiteElo "1356"]
[BlackElo "1096"]
[PlyCount "74"]
[Result "0-1"]

1.e4 e6 2.d4 d5 3.Nc3 Nc6 4.Be3 dxe4 5.Nxe4 Bb4+ 
6.c3 Bd6 7.Qd3 Nf6 8.O-O-O e5 9.dxe5 Nxe5 10.Qd4 
O-O 11.Bb5 a6 12.Ba4 b5 13.Bb3 Bb7 14.f3 a5 15.Ne2 
a4 16.f4 Neg4 17.Bc2 Nxe4 18.Bxe4 Bxe4 19.Qxe4 a3 
20.b3 Re8 21.Qf3 Nxe3 22.Rd3 Nf5 23.Re1 c5 24.Qd5 
Ne3 25.Qxd6 Qxd6 26.Rxd6 Nxg2 27.Kd1 Nxe1 28.Kxe1 
Rad8 29.Rxd8 Rxd8 30.Ng3 Rd3 31.c4 bxc4 32.bxc4 
Rc3 33.Kd2 Rxc4 34.Ke3 Rc2 35.Ne4 Rxa2 36.Nxc5 
Rxh2 37.Nb3 Rh3+ 0-1

[Event "HCL-M874"]
[Site "www.playchess.de"]
[Date "2006.02.09"]
[Round "1"]
[White "ragno"]
[Black "takis"]
[WhiteElo "2314"]
[BlackElo "2204"]
[PlyCount "75"]
[Result "1-0"]

1.e4 {Nice to meet you again}  c5 2.Nf3 d6 3.d4 
cxd4 4.Nxd4 Nf6 5.Nc3 g6 6.Be3 Bg7 7.f3 O-O 8.Qd2 
Nc6 9.Bc4 Bd7 10.h4 Ne5 11.Bb3 a5 12.a3 a4 13.Ba2 
Qa5 14.h5 Nxh5 15.O-O-O Rfe8 16.g4 Nf6 17.Qh2 e6 
18.Qh4 g5 19.Qxg5 Rec8 20.Nde2 Nxf3 21.Qf4 Ne5 
22.Rxd6 Nfxg4 23.Bb6 Qa6 24.Rh4 h5 25.Rxh5 Bb5 
26.Nd4 Bc4 27.Bb1 Bf1 28.Rg5 Bh3 29.Ba2 Kh7 
30.Bxe6 fxe6 31.Rxe6 Qf1+ 32.Qxf1 Bxf1 33.Re7 Ng6 
34.Nf5 Nxe7 35.Rxg7+ Kh8 36.Rxe7 Rc4 37.Rxb7 Ne5 
38.Ne3 1-0

[Event "HCL-B3842"]
[Site "www.playchess.de"]
[Date "2006.02.09"]
[Round "3"]
[White "goach44"]
[Black "nichju"]
[WhiteElo "1300"]
[BlackElo "1004"]
[PlyCount "61"]
[Result "1-0"]

1.e4 e5 2.Nf3 Nc6 3.d4 exd4 4.Nxd4 Nf6 5.Nc3 Bb4 
6.Nxc6 dxc6 7.Qxd8+ Kxd8 8.Bd2 Be6 9.Bd3 Re8 
10.O-O Ng4 11.Rad1 Bd6 12.h3 Nf6 13.Rfe1 h6 14.e5 
Nd5 15.exd6 cxd6 16.Ne4 Kd7 17.c4 Nb6 18.c5 Nc4 
19.Bxc4 Bxc4 20.b3 Bd5 21.Nxd6 Ref8 22.Nxb7 Kc7 
23.Nd6 Rad8 24.Re7+ Kb8 25.Bf4 g5 26.Bh2 Ka8 
27.Rde1 h5 28.Rb7 g4 29.Ree7 Bc4 30.Rbxa7+ Kb8 
31.Reb7+ 1-0

[Event "HCL-B3868"]
[Site "www.playchess.de"]
[Date "2006.02.09"]
[Round "1"]
[White "DTW"]
[Black "Snillie"]
[WhiteElo "1289"]
[BlackElo "1504"]
[PlyCount "71"]
[Result "1-0"]

1.e4 d6 2.d4 Nf6 3.Nc3 g6 4.Bg5 Bg7 5.Nf3 O-O 
6.Bd3 Nbd7 7.O-O c6 8.Re1 e5 9.dxe5 dxe5 10.h3 Qc7 
11.Qd2 Nc5 12.Rad1 Be6 13.a3 Rad8 14.Bh6 Nxd3 
15.cxd3 Bb3 16.Bxg7 Kxg7 17.Rdc1 Rd7 18.Qg5 Re8 
19.Nh4 Rxd3 20.Nf5+ Kg8 21.Qxf6 gxf5 22.Qxf5 Qd6 
23.Qg4+ Kh8 24.Ne2 Rg8 25.Qf5 Qg6 26.Qxe5+ f6 
27.Qg3 Qxe4 28.f3 Qe3+ 29.Qf2 Qxf3 30.Qxf3 Rxf3 
31.Nd4 Rfg3 32.Nxb3 Rxb3 33.Rc2 Rd8 34.Re7 Rd1+ 
35.Kh2 Rb1 36.Rd2 1-0

[Event "HCL-A2482"]
[Site "www.playchess.de"]
[Date "2006.02.09"]
[Round "15"]
[White "kali"]
[Black "Matu"]
[WhiteElo "1456"]
[BlackElo "1428"]
[PlyCount "78"]
[Result "0-1"]

1.e4 c6 2.Nf3 d5 3.e5 c5 4.c3 Bf5 5.d4 e6 6.Be2 
Nc6 7.O-O cxd4 8.cxd4 Nge7 9.Nc3 a6 10.Bg5 h6 
11.Bxe7 Bxe7 12.Bd3 Bxd3 13.Qxd3 Rc8 14.Rac1 O-O 
15.a3 Na5 16.b4 Nc4 17.Na4 b5 18.Nc5 Bxc5 19.dxc5 
Qc7 20.Rce1 a5 21.Reb1 axb4 22.axb4 Rca8 23.Rba1 
Rxa1 24.Rxa1 Nxe5 25.Nxe5 Qxe5 26.Rd1 Rb8 27.h3 
Kf8 28.Qd4 Qxd4 29.Rxd4 Ke7 30.Kf1 Kd7 31.Ke2 Ra8 
32.Kf3 Ra3+ 33.Kf4 Rc3 34.h4 Rc4 35.Ke3 Kc6 36.f4 
f6 37.g4 e5 38.fxe5 fxe5 39.Rd1 
Rxb4 0-1

[Event "HCL-A2397"]
[Site "www.playchess.de"]
[Date "2006.02.09"]
[Round "12"]
[White "Mosselman"]
[Black "kali"]
[WhiteElo "1395"]
[BlackElo "1338"]
[PlyCount "137"]
[Result "1-0"]

1.e4 {hi, enjoy the game}  e5 {Same to you!}  
2.Nf3 Nc6 3.Bb5 a6 4.Ba4 Nf6 5.O-O Be7 6.Re1 d6 
7.h3 b5 8.Bb3 O-O 9.c3 Na5 10.Bc2 Bb7 11.d4 Nc4 
12.b3 Nb6 13.Bb2 exd4 14.cxd4 c5 15.d5 c4 16.Bd4 
Rc8 17.Na3 cxb3 18.Bxb3 Nbd7 19.Rc1 Qa5 20.Bb2 Nc5 
21.Bc2 Na4 22.Bxa4 Qxa4 23.Qxa4 bxa4 24.Nc4 Nd7 
25.Na5 Ba8 26.Nd2 Nc5 27.Nf3 Nb7 28.Nxb7 Bxb7 
29.Ba3 Rxc1 30.Rxc1 Rc8 31.Rxc8+ Bxc8 32.e5 Bd7 
33.Bb4 Bd8 34.Bxd6 Bb5 35.e6 fxe6 36.dxe6 Bf6 
37.a3 Bb2 38.Ne5 Bxe5 39.Bxe5 g6 40.Bd6 Bc4 41.e7 
Kf7 42.f4 Bb5 {(offering draw)}  43.Kf2 {no i 
think i have a decent opportunity here.}  Ke6 
44.Bb4 Kf5 45.Ke3 h6 46.g4+ Ke6 47.Kd4 Bc6 48.Kc5 
Bb5 49.Kb6 Kd7 50.f5 gxf5 51.gxf5 Ke8 52.f6 Kf7 
53.Kc7 Ke8 54.Kd6 Kf7 55.Bc3 Be8 56.Ke5 Bb5 57.Kf5 
Bd3+ 58.Kg4 Bb5 59.Kh5 Be2+ 60.Kxh6 Bd3 61.h4 Bb5 
62.h5 Be8 63.Kg5 Bb5 64.h6 Bd3 65.Kf4 Bh7 66.Ke5 
Bc2 67.Kd6 Bd3 68.Kd7 Bb5+ 69.Kd8 1-0

[Event "HCL-E1544"]
[Site "www.playchess.de"]
[Date "2006.02.09"]
[Round "13"]
[White "chess50"]
[Black "Eishockeytorwart"]
[WhiteElo "2155"]
[BlackElo "1949"]
[PlyCount "74"]
[Result "0-1"]

1.e4 e5 2.Nf3 Nc6 3.Bb5 a6 4.Ba4 Nf6 5.O-O Be7 
6.Re1 b5 7.Bb3 d6 8.c3 Bg4 9.h3 Bh5 10.d3 O-O 
11.Be3 d5 12.Nbd2 dxe4 13.dxe4 Qd6 14.Qe2 Na5 
15.Bc2 c5 16.a4 b4 17.Qd3 Qe6 18.Ng5 c4 19.Nxe6 
cxd3 20.Nxf8 dxc2 21.g4 Bxf8 22.gxh5 Rc8 23.Rec1 
b3 24.h6 g6 25.Kg2 Ne8 26.Rcg1 Nc4 27.Nxc4 Rxc4 
28.f3 f5 29.exf5 gxf5 30.Kf2+ Kf7 31.Bg5 f4 32.Ke2 
Bc5 33.Rgf1 Be3 34.Kd3 Rc5 35.Rae1 Nd6 36.Rxe3 
Rd5+ 37.Ke2 Nf5 0-1

[Event "HCL-A2482"]
[Site "www.playchess.de"]
[Date "2006.02.09"]
[Round "8"]
[White "padre"]
[Black "kali"]
[WhiteElo "1383"]
[BlackElo "1456"]
[PlyCount "63"]
[Result "1-0"]

1.e4 e5 2.Nf3 Nc6 3.Bc4 Nf6 4.Ng5 d5 5.exd5 Na5 
6.Bb5+ c6 7.dxc6 bxc6 8.Be2 h6 9.Nf3 Bc5 10.O-O 
O-O 11.d3 Qc7 12.b3 Nb7 13.Bb2 Bd6 14.Nbd2 Bg4 
15.h3 Bxf3 16.Bxf3 Rae8 17.Ne4 Nxe4 18.dxe4 Red8 
19.Qe2 f6 20.Rad1 Be7 21.Qc4+ Kh8 22.Bh5 Rxd1 
23.Rxd1 Nd6 24.Qe2 Nf7 25.Bg6 Ng5 26.Bc1 Ne6 
27.Bxh6 gxh6 28.Qh5 Kg7 29.Bf5 Nf4 30.Qg4+ Kh8 
31.Rd7 Qb6 32.Rxe7 1-0

[Event "HCL-E1561"]
[Site "www.playchess.de"]
[Date "2006.02.09"]
[Round "3"]
[White "scylla"]
[Black "Abra"]
[WhiteElo "1523"]
[BlackElo "1503"]
[PlyCount "31"]
[Result "1-0"]

1.e4 e5 {Hello again,gg
}  2.f4 exf4 3.Nf3 Bc5 4.d4 Bb6 5.Bxf4 d6 6.Nc3 h6 
7.Bc4 Nf6 8.O-O O-O 9.Kh1 a6 10.Qd2 Re8 11.Rae1 
Ba5 12.Bxh6 gxh6 13.Qxh6 Ng4 14.Qg6+ Kh8 15.Bxf7 
Rf8 16.Ng5 1-0

[Event "HCL-A2559"]
[Site "www.playchess.de"]
[Date "2006.02.09"]
[Round "9"]
[White "PLUTARCO"]
[Black "Whiterock"]
[WhiteElo "1700"]
[BlackElo "1472"]
[PlyCount "63"]
[Result "1-0"]

1.e4 e5 {Greetings from Calgary, Canada}  2.Nf3 
{Greetings from Canary Islands}  Nc6 3.Bb5 a6 
4.Ba4 d6 5.c3 Be7 6.O-O b5 7.Bb3 Bb7 8.d4 Nf6 
9.Re1 O-O 10.Nbd2 Re8 11.Nf1 Na5 12.Bc2 Bf8 13.Ng3 
h6 14.a4 bxa4 15.Bxa4 Bc6 16.b4 Bxa4 17.Qxa4 Nc4 
18.Qb3 Nb6 19.Be3 Ng4 20.Bd2 Qd7 21.h3 Nf6 22.Ra5 
d5 23.Nxe5 Qd6 24.exd5 Nbxd5 25.Qa2 Ra7 26.Nf5 Qb6 
27.Rxd5 Nxd5 28.Qxd5 Qf6 29.Qf3 Raa8 30.Nxh6+ Kh7 
31.Qe4+ g6 32.Nhxf7 1-0

[Event "HCL-B3609"]
[Site "www.playchess.de"]
[Date "2006.02.09"]
[Round "9"]
[White "Felipe_Lungov"]
[Black "tirailleur"]
[WhiteElo "1174"]
[BlackElo "1307"]
[PlyCount "105"]
[Result "1/2-1/2"]

1.d4 {good game here too}  d5 {Same to you}  2.c4 
e6 3.Nf3 Nf6 4.e3 c5 5.Nbd2 Be7 6.Bd3 Nc6 7.O-O 
Bd7 8.Re1 Rc8 9.Qc2 O-O 10.b3 Nb4 11.Qc3 Nxd3 
12.Qxd3 cxd4 13.Nxd4 e5 14.Ne2 Bc6 15.Bb2 dxc4 
16.Qxd8 Rfxd8 17.Nxc4 e4 18.Rad1 Bb5 {(offering 
draw)}  19.Rdc1 {i think its even, but i think its 
too early}  Bxc4 20.Rxc4 Rxc4 21.bxc4 Rd2 22.Bxf6 
Bxf6 23.Ng3 Rxa2 24.Nxe4 Be5 25.Rd1 Ra1 26.Rxa1 
Bxa1 27.Nd6 a5 28.Nxb7 a4 29.Nc5 a3 30.Nb3 Be5 
31.f4 Bc3 32.g4 a2 33.Kf2 a1Q 34.Nxa1 Bxa1 35.Kf3 
Kf8 36.Ke4 Bf6 37.Kd5 Bd8 38.Kd6 Ke8 39.f5 Be7+ 
40.Kc6 Kd8 41.e4 Ba3 42.c5 Ke7 43.e5 g6 44.Kd5 Bb4 
45.fxg6 hxg6 46.h4 Ba5 47.h5 gxh5 48.gxh5 Kf8 
49.Kd6 Kg7 50.c6 Kh6 51.Ke7 Bc7 52.Kxf7 Bxe5 
53.Ke6 {(offering draw) hadn't seen that one...} 
 1/2-1/2

[Event "HCL-C4016"]
[Site "www.playchess.de"]
[Date "2006.02.09"]
[Round "14"]
[White "Milosforman"]
[Black "Kelthek"]
[WhiteElo "928"]
[BlackElo "612"]
[PlyCount "74"]
[Result "0-1"]

1.d4 Nf6 2.c4 c5 3.d5 d6 4.e3 g6 5.b3 Bg7 6.Bb2 
Bg4 7.Be2 Qa5+ 8.Bc3 Qc7 9.f3 Bh5 10.Bxf6 Bxf6 
11.f4 Qa5+ 12.Qd2 Qb6 13.Nf3 Bxa1 14.O-O O-O 15.h3 
Bxf3 16.Rxf3 Qa6 17.a4 Qb6 18.e4 Bd4+ 19.Kh2 Nd7 
20.Rg3 Nf6 21.Bd3 Qxb3 22.f5 Qxa4 23.fxg6 fxg6 
24.Nc3 Qb3 25.Bc2 Qxc4 26.Ne2 Nxe4 27.Bb3 Qb4 
28.Qxb4 cxb4 29.Rf3 Be5+ 30.Kg1 Nd2 31.Rxf8+ Rxf8 
32.Bc2 Nf1 33.Bd1 Bh2+ 34.Kh1 Rf2 35.Nd4 Bg3 
36.Ne6 Ne3 37.Bf3 Rf1+ 0-1

[Event "HCL-A2528"]
[Site "www.playchess.de"]
[Date "2006.02.09"]
[Round "7"]
[White "pegasus"]
[Black "errantknight"]
[WhiteElo "1147"]
[BlackElo "1246"]
[PlyCount "128"]
[Result "0-1"]

1.e4 {best of british mate}  e5 {hi  have a good 
game}  2.Bc4 {thank you...where in england are 
you}  d6 {warrrington. about  30miles from 
liverpool}  3.Nf3 {hi im from wakefield about 50 
miles from warrington small world intit}  Qe7 
{sure is. not come across many english players on 
here though}  4.O-O Be6 5.d3 Bxc4 6.dxc4 Nc6 7.Ng5 
h6 8.Qh5 g6 9.Qh4 O-O-O 10.a4 Re8 11.a5 f6 12.a6 
fxg5 13.Bxg5 Qf7 14.axb7+ Kb8 15.Be3 Be7 16.Qh3 h5 
17.f4 Qxc4 18.Qd7 Nf6 19.Bxa7+ Nxa7 20.Qh3 Qd4+ 
21.Kh1 Ng4 22.Qf3 Qxb2 23.Nc3 Qxc2 24.Ra2 Qb3 
25.Qe2 Qb6 26.Nd5 Qb5 27.Qe1 c6 28.Qa1 cxd5 
29.Rxa7 Qb6 30.Ra8+ Kc7 31.Rc1+ Kd7 32.Qa4+ Ke6 
33.exd5+ Kf5 34.Rxe8 Rxe8 35.Qxe8 Qxb7 36.Qf7+ Nf6 
37.h4 Qd7 38.Rc3 Bd8 39.g4+ hxg4 40.Qxd7+ Nxd7 
41.Rc8 Ba5 42.Kh2 Kxf4 43.Rg8 Kf5 44.Kg3 Be1+ 
45.Kg2 Bxh4 46.Rh8 Bf6 47.Rh1 Nc5 48.Kg3 Ne4+ 
49.Kg2 Kg5 50.Kg1 Nc3 51.Kf2 Kf4 52.Rh6 Kg5 53.Rh7 
Nxd5 54.Rd7 Be7 55.Rxe7 Nxe7 56.Kg3 Nf5+ 57.Kh2 d5 
58.Kg2 Kf4 59.Kg1 d4 60.Kf1 Kf3 61.Ke1 g3 62.Kf1 
Ne3+ 63.Kg1 d3 64.Kh1 d2 0-1

[Event "HCL-C4054"]
[Site "www.playchess.de"]
[Date "2006.02.09"]
[Round "20"]
[White "pytolo98"]
[Black "daveboy6968"]
[WhiteElo "1232"]
[BlackElo "1008"]
[PlyCount "109"]
[Result "1-0"]

1.e4 e5 {hi good luck + happy new year ;-)}  2.Nf3 
{Ciao gl happy new year}  f6 3.Bc4 d6 {:-) thanks} 
 4.h3 h5 5.d3 a6 6.Bxg8 Rxg8 7.Nc3 Be6 8.Nh4 Bf7 
9.O-O c6 10.Be3 Qd7 11.d4 b5 12.a4 b4 13.Na2 a5 
14.Nc1 d5 15.exd5 Qxd5 16.Nf3 Nd7 17.Nb3 Bg6 
18.Nh4 Bf7 19.Re1 g5 20.Nf3 e4 21.Nh2 Bd6 22.Nf1 
Nb6 23.Nfd2 O-O-O 24.c3 c5 25.dxc5 Bxc5 26.Nxc5 
Nc4 27.Ncxe4 Nxb2 28.Qe2 Qd3 29.Qf3 bxc3 30.Rac1 
Nxa4 31.Qf5+ Kc7 32.Qxa5+ Kd7 33.Nxf6+ Ke7 
34.Bxg5+ Kf8 35.Nxg8 Kxg8 36.Bxd8 cxd2 37.Qg5+ Kf8 
38.Be7+ Ke8 39.Bb4+ dxe1Q+ 40.Rxe1+ Kd7 41.Qe7+ 
Kc6 42.Rc1+ Bc4 43.Qe8+ Qd7 44.Rxc4+ Kb5 45.Qxd7+ 
Kxc4 46.Qxa4 h4 47.Be7+ Kd3 48.f4 Ke3 49.f5 Ke2 
50.f6 Kd2 51.f7 Ke1 52.f8R Kd2 53.Qb3 Ke2 54.Rf2+ 
Ke1 55.Qb1+ 1-0

[Event "HCL-A2509"]
[Site "www.playchess.de"]
[Date "2006.02.09"]
[Round "24"]
[White "asskicker"]
[Black "saemi"]
[WhiteElo "1578"]
[BlackElo "1645"]
[PlyCount "48"]
[Result "1/2-1/2"]

1.c4 {greetings from Washington, DC}  c5 {Hello 
from Iceland}  2.Nf3 {Reykjavik?}  Nf6 {Well, 
actually from Kópavogur a suburb of Reykjavík.}  
3.Nc3 Nc6 4.g3 g6 5.Bg2 Bg7 6.O-O O-O 7.e3 e6 8.d4 
d5 9.b3 b6 10.Ba3 Ba6 11.dxc5 dxc4 12.cxb6 cxb3 
13.Bxf8 Bxf1 14.Qxf1 Qxf8 15.Nd4 Nd5 16.Nxd5 Nxd4 
17.Ne7+ Qxe7 18.exd4 Rb8 19.bxa7 Qxa7 20.axb3 Qxd4 
21.Rd1 Qb2 22.Rd3 Rxb3 23.Rd8+ Bf8 24.Ra8 Rb8 
{(offering draw)}  1/2-1/2

[Event "ACL-T171"]
[Site "www.playchess.de"]
[Date "2006.02.09"]
[Round "8"]
[White "ksterleu"]
[Black "BDG_Girl"]
[WhiteElo "1543"]
[BlackElo "1805"]
[PlyCount "29"]
[Result "1-0"]

1.e4 e5 2.Nf3 Nc6 3.Bb5 f5 4.Nc3 {hi!}  fxe4 
{Hello again and good luck!}  5.Nxe4 Nf6 6.Nxf6+ 
Qxf6 7.O-O Be7 8.d3 O-O 9.Bc4+ Kh8 10.Bg5 Qf5 
11.Bxe7 Nxe7 12.Re1 d6 13.Qe2 Ng6 14.Qe4 Qh5 
15.d4 1-0

[Event "HCL-M863"]
[Site "www.playchess.de"]
[Date "2006.02.09"]
[Round "5"]
[White "Eaglewingz"]
[Black "richard"]
[WhiteElo "1974"]
[BlackElo "1794"]
[PlyCount "41"]
[Result "1/2-1/2"]

1.e4 {Hi, good luck!}  c5 {good luck}  2.Nf3 e6 
3.b3 a6 4.Bb2 Nc6 5.g3 {Happy New Year!}  d6 6.d4 
cxd4 7.Nxd4 Nf6 8.Nxc6 bxc6 9.e5 dxe5 10.Qxd8+ 
Kxd8 11.Bxe5 Nd5 12.a3 f6 13.Bb2 e5 14.Bg2 Rb8 
15.Nd2 Kc7 16.Ne4 Be7 17.O-O-O Bf5 18.Rhe1 Rhd8 
19.h3 Nb6 20.Rxd8 Rxd8 {looks drawish}  21.Rd1 
{(offering draw) yes, it does} 
 1/2-1/2

[Event "HCL-B3748"]
[Site "www.playchess.de"]
[Date "2006.02.09"]
[Round "7"]
[White "aussie"]
[Black "dplcobra"]
[WhiteElo "1094"]
[BlackElo "969"]
[PlyCount "89"]
[Result "1-0"]

1.Nf3 b6 2.c4 g6 3.g3 Bb7 {hi}  4.Bg2 Bg7 5.O-O e6 
6.d3 Ne7 7.d4 c5 8.e3 Nf5 9.Nc3 a6 10.e4 Nxd4 
11.Ne2 Bxe4 12.Nexd4 cxd4 13.Nxd4 Bxg2 14.Kxg2 Nc6 
15.Nxc6 Qc7 16.Qf3 Rc8 17.Rb1 Qxc6 18.b3 g5 
19.Bxg5 f6 20.Bc1 b5 21.Qxc6 dxc6 22.Bb2 bxc4 
23.b4 c5 24.bxc5 Rxc5 25.Ba3 Ra5 26.Rb8+ Kd7 
27.Rd1+ Kc6 28.Rxh8 Bxh8 29.Be7 Rxa2 30.Rd6+ Kc7 
31.Rxe6 Kd7 32.Re3 a5 33.Bc5 f5 34.Re7+ Kc6 
35.Rxh7 Kxc5 36.Rxh8 c3 37.Rc8+ Kb4 38.h4 c2 39.h5 
Kb3 40.h6 Ra1 41.h7 Rh1 42.Kxh1 Kb2 43.h8Q+ Kb1 
44.Rb8+ Ka2 45.Qb2+ 1-0